000 00448nam a22001817a 4500
003 MPLRDC
005 20220104113658.0
008 210129b ||||| |||| 00| 0 eng d
020 _a7-80020-755-2
082 _a437.111 TJL
100 _a田家良主编
245 _a家畜饲养与疫病防治手册
_c
250 _a初版
260 _a
_b人民军医出版社
_c1997
300 _b
650 _a家畜饲养
942 _cBK
_o437.111 TJL
999 _c1508
_d1498